000 01475nam a2200325 i 4500
001 000013282
003 DO-SdBNP
005 20260310142407.0
007 ta
008 091123s1986 dr 001 0 spa d
040 _aDO-SdBNP
_bspa
_cBNPHu
_erda
041 _aspa
049 _aBNPD
082 _a320.54
_bC343a
_222
245 0 0 _aActualidad y perspectivas de la cuestión nacional en la República Dominicana /
_cRoberto Cassá ...[et.al].
264 1 _aSanto Domingo :
_bAlfa & Omega,
_c1986.
300 _a113 páginas ;
_c21 cm.
336 _atexto
_btxt
_2rdacontent
337 _asin mediación
_bn
_2rdamedia
338 _avolumen
_bnc
_2rdacarrier
500 _aIncluye notas en la (p. 101 - 111)
505 0 _aPresentación -- La perspectiva nacional: problemática histórica y teórica -- Peculiaridades de la formación de la nación dominicana -- Los intelectuales liberales -- El trujillismo y la mistificación de la nacional -- El horizonte populista : relevo postrujillista y fracaso -- Las actuales tendencias desnacionalizantes -- El desafío de la crisis -- notas -- índice.
650 4 _aNacionalismo
_xRepública Dominicana
_910966
651 4 _aRepública Dominicana
_xPolítica y gobierno,
_y1961-
_9204
700 1 _aCassá, Roberto,
_d1948-
_eautor
_4aut.
_910888
700 1 _aOrtíz, Dante,
_eautor
_4aut.
_96458
700 _aGonzález, Raymundo
_eautor
_4aut.
_96373
700 1 _aRodríguez, Genao
_eautor
_4aut.
_930477
942 _2ddc
_cLBS1
999 _c12912
_d12912